00441nam a2200157Ia 4500008004100000041000800041080001200049100002100061245005200082246002100134260004900155300001500204700002200219003000900241040003300250180921t2017 xxu||||| |||| 00| 0 sin d asin a37bKRI aKrisnamurthi, J. aඉදිරි ජීවිතය (Life Ahead) aIdiri Jeevithaya bSri Lanka Krishnamurti CentreaColomboc2017 b215p, 22cm aW.R. Fonsekaetr.LK-CoDNM aLK-CoDNMdLK-CoDNMeLK-CoDNM